[Event "Titled Tuesday intern op 27th Feb Late"]
[Site "Chess.com INT"]
[Date "2024.02.27"]
[Round "8"]
[White "Collins, Adam"]
[Black "Ivanisevic, Ivan"]
[Result "1/2-1/2"]
[WhiteElo "2189"]
[BlackElo "2520"]
[PlyCount "131"]
[EventDate "2024.02.27"]
[EventType "swiss (blitz)"]
[EventRounds "11"]
[EventCountry "USA"]
[SourceTitle "CB10_2024"]
[SourceDate "2024.03.06"]
[SourceVersion "1"]
[SourceVersionDate "2024.03.06"]
[SourceQuality "1"]

1. d4 d5 2. c4 e6 3. Nf3 Nf6 4. g3 Bd6 5. Bg2 0-0 6. 0-0 Nc6 7. Nc3 dxc4 8. Qa4 e5 9. dxe5 Nxe5 10. Nxe5 Bxe5 11. Qxc4 Qe7 12. Bg5 c6 13. Rad1 h6 14. Be3 Be6 15. Qc5 Qxc5 16. Bxc5 Rfd8 17. a3 Bb3 18. Rxd8+ Rxd8 19. Bxa7 Rd2 20. Rb1 Bc2 21. Rc1 Bg6 22. b4 Bxc3 23. Rxc3 Rd1+ 24. Bf1 Bf5 25. Kg2 Nd5 26. Rc5 Be4+ 27. f3 Ne3+ 28. Kf2 Nxf1 29. fxe4 Nxh2 30. b5 cxb5 31. Rxb5 Rd7 32. Be3 f6 33. Bf4 g6 34. Bc1 Ng4+ 35. Kf3 h5 36. Bb2 Re7 37. Rb6 Kf7 38. Rb4 Rc7 39. Rb6 g5 40. Bd4 Rd7 41. Bb2 Re7 42. Bd4 Kg6 43. Bb2 Nh2+ 44. Kg2 Ng4 45. Kf3 Ne5+ 46. Bxe5 Rxe5 47. Rxb7 Rc5 48. Rb3 Rc1 49. Rb6 Rc3+ 50. Kf2 Kf7 51. Ra6 Rc1 52. a4 Ra1 53. Ke3 Ra3+ 54. Kf2 Ke7 55. a5 Kf7 56. Ra8 Kg7 57. e3 g4 58. a6 Ra2+ 59. Kf1 Kf7 60. Rh8 Kg6 61. Ra8 Kg7 62. a7 Kh7 63. Kg1 Kg7 64. Kf1 Ra4 65. Ke2 Ra2+ 66. Kf1 1/2-1/2

[Event "Titled Tuesday intern op 27th Feb Late"]
[Site "Chess.com INT"]
[Date "2024.02.27"]
[Round "11"]
[White "Garcia De Dios, Jose Antonio"]
[Black "Ivanisevic, Ivan"]
[Result "1/2-1/2"]
[WhiteElo "2194"]
[BlackElo "2520"]
[PlyCount "112"]
[EventDate "2024.02.27"]
[EventType "swiss (blitz)"]
[EventRounds "11"]
[EventCountry "USA"]
[SourceTitle "CB10_2024"]
[SourceDate "2024.03.06"]
[SourceVersion "1"]
[SourceVersionDate "2024.03.06"]
[SourceQuality "1"]

1. d4 Nf6 2. c4 c5 3. d5 e6 4. Nc3 exd5 5. cxd5 d6 6. g3 g6 7. Bg2 Bg7 8. Nf3 0-0 9. 0-0 Nbd7 10. h3 Rb8 11. a4 a6 12. a5 b5 13. axb6 Nxb6 14. e4 Re8 15. Re1 Nc4 16. Qc2 Qb6 17. Bf1 Ne5 18. Nxe5 Rxe5 19. Bf4 Re8 20. Reb1 Nh5 21. Be3 Bd4 22. Qd2 Nf6 23. Bg2 Bd7 24. Qd3 a5 25. Bxd4 cxd4 26. Ne2 Bb5 27. Qxd4 Nxe4 28. Qxb6 Rxb6 29. Nd4 Bd7 30. Re1 Nc5 31. Rxe8+ Bxe8 32. Rxa5 Rxb2 33. Ra8 Kf8 34. Ra3 Rd2 35. Nc6 Bd7 36. Rf3 Kg7 37. g4 h6 38. Re3 f5 39. f3 Kf6 40. gxf5 Bxf5 41. f4 Nd3 42. Ne7 Nxf4 43. Bf1 Bd3 44. Rf3 g5 45. Bxd3 Rxd3 46. Ng8+ Kg7 47. Rxd3 Nxd3 48. Ne7 Kf6 49. Ng8+ Kg6 50. Ne7+ Kf6 51. Ng8+ Ke5 52. Nxh6 Nf4 53. Kh2 Nxd5 54. Nf7+ Kf4 55. Nxd6 g4 56. hxg4 Kxg4 1/2-1/2

[Event "Titled Tuesday intern op 27th Feb Late"]
[Site "Chess.com INT"]
[Date "2024.02.27"]
[Round "7"]
[White "Ivanisevic, Ivan"]
[Black "Martinez Pla, Xavier"]
[Result "1/2-1/2"]
[WhiteElo "2520"]
[BlackElo "2247"]
[PlyCount "246"]
[EventDate "2024.02.27"]
[EventType "swiss (blitz)"]
[EventRounds "11"]
[EventCountry "USA"]
[SourceTitle "CB10_2024"]
[SourceDate "2024.03.06"]
[SourceVersion "1"]
[SourceVersionDate "2024.03.06"]
[SourceQuality "1"]

1. d4 Nf6 2. Nf3 e6 3. Bg5 h6 4. Bh4 b6 5. Nbd2 Bb7 6. e3 d5 7. Bb5+ c6 8. Bd3 Nbd7 9. c3 Be7 10. Ne5 Nxe5 11. dxe5 Nd7 12. Bxe7 Qxe7 13. f3 Nxe5 14. Bc2 Nd7 15. 0-0 0-0 16. a4 c5 17. a5 Bc6 18. Qe2 b5 19. f4 a6 20. g4 e5 21. f5 e4 22. Qf2 Ne5 23. Qg3 Qg5 24. Rf4 Qd8 25. f6 g5 26. Rf5 Ng6 27. Nb3 c4 28. Nd4 Rc8 29. Raf1 Qe8 30. Qd6 Bb7 31. Qb6 Qd7 32. Bd1 Rb8 33. R5f2 Nh4 34. Nf5 Nxf5 35. Rxf5 b4 36. Qd4 bxc3 37. bxc3 Qd6 38. Kg2 Bc6 39. R1f2 Rb5 40. Re5 Bd7 41. h4 Qc5 42. hxg5 Qxd4 43. exd4 e3 44. Rxe3 hxg5 45. Re5 Rfb8 46. Rxg5+ Kf8 47. Kg3 Be6 48. Rh2 Ke8 49. Rg8+ Kd7 50. Rhh8 Rxg8 51. Rxg8 Rb1 52. Kf4 Rxd1 53. g5 Rf1+ 54. Ke3 Rc1 55. Kf4 Rxc3 56. g6 fxg6 57. Rg7+ Kd6 58. f7 Ke7 59. f8Q+ Kxf8 60. Ra7 Rd3 61. Ke5 Re3+ 62. Kf6 Ke8 63. Rxa6 c3 64. Rc6 Bd7 65. Rc5 Kd8 66. Kxg6 Rd3 67. Kf6 Rxd4 68. Ke5 Ra4 69. Kxd5 Ra3 70. Kd6 Bg4 71. Ke5 Bd7 72. Kd4 Ke7 73. Rxc3 Rxa5 74. Rc5 Ra4+ 75. Ke5 Ra6 76. Rc7 Kd8 77. Rc5 Rb6 78. Rd5 Ke7 79. Rc5 Rh6 80. Rd5 Rh5+ 81. Kd4 Rh4+ 82. Ke5 Be6 83. Rc5 Rh5+ 84. Kd4 Rh4+ 85. Ke5 Rg4 86. Rc7+ Bd7 87. Rc5 Rg5+ 88. Kd4 Rg1 89. Ke5 Re1+ 90. Kd5 Be6+ 91. Kd4 Kd6 92. Ra5 Rh1 93. Ra6+ Ke7 94. Ra7+ Kf6 95. Ra6 Rh4+ 96. Kc5 Ke5 97. Ra7 Rc4+ 98. Kb6 Rc1 99. Rb7 Kd6 100. Rb8 Bd7 101. Ka7 Rc2 102. Kb6 Ra2 103. Rb7 Bc6 104. Rb8 Rb2+ 105. Ka7 Ra2+ 106. Kb6 Ra1 107. Rd8+ Bd7 108. Rb8 Rb1+ 109. Ka7 Rc1 110. Kb6 Bc6 111. Ka7 Kc7 112. Rb7+ Kc8 113. Rb8+ Kc7 114. Rb7+ Kd6 115. Rb8 Ra1+ 116. Kb6 Ra2 117. Rd8+ Bd7 118. Rb8 Rb2+ 119. Ka7 Rc2 120. Kb6 Ra2 121. Rd8 Rd2 122. Rb8 Rd3 123. Ka7 Rc3 1/2-1/2

[Event "Titled Tuesday intern op 27th Feb Late"]
[Site "Chess.com INT"]
[Date "2024.02.27"]
[Round "9"]
[White "Jegorovas, Aleksandras"]
[Black "Ivanisevic, Ivan"]
[Result "0-1"]
[WhiteElo "2270"]
[BlackElo "2520"]
[PlyCount "102"]
[EventDate "2024.02.27"]
[EventType "swiss (blitz)"]
[EventRounds "11"]
[EventCountry "USA"]
[SourceTitle "CB10_2024"]
[SourceDate "2024.03.06"]
[SourceVersion "1"]
[SourceVersionDate "2024.03.06"]
[SourceQuality "1"]

1. d4 Nf6 2. Bf4 d6 3. Nc3 Nbd7 4. Nf3 c5 5. d5 b5 6. Nxb5 Qa5+ 7. Nc3 Rb8 8. Rb1 Rxb2 9. Bd2 Rxb1 10. Qxb1 g6 11. e4 Bg7 12. Nb5 Qb6 13. Bd3 0-0 14. 0-0 c4 15. Bxc4 Nxe4 16. Be3 Ndc5 17. Nfd4 Bd7 18. f3 Nf6 19. Nc3 Qa5 20. Nce2 Rc8 21. Nb3 Qb4 22. Nxc5 Qxc4 23. Nxd7 Nxd7 24. Ng3 Rb8 25. Qd1 Qxa2 26. Ne4 Rc8 27. Rf2 Nb6 28. Bg5 Qxd5 29. Qxd5 Nxd5 30. Rd2 h6 31. Rxd5 hxg5 32. Rxg5 Rxc2 33. Ra5 Rc7 34. g4 Bd4+ 35. Kg2 Kg7 36. h4 Rc2+ 37. Kg3 Bb6 38. Ra4 d5 39. Ng5 Bc7+ 40. f4 Rc3+ 41. Nf3 Bb6 42. g5 e6 43. Kg4 Bf2 44. f5 exf5+ 45. Kf4 Rc4+ 46. Rxc4 dxc4 47. h5 gxh5 48. Kxf5 a5 49. Ke4 a4 50. Nd2 a3 51. Nxc4 a2 0-1

[Event "SRB-ch sf"]
[Site "Paracin"]
[Date "2024.02.09"]
[Round "7"]
[White "Tadic, Stefan"]
[Black "Ivanisevic, Ivan"]
[Result "0-1"]
[WhiteElo "2390"]
[BlackElo "2520"]
[PlyCount "72"]
[EventDate "2024.02.05"]
[EventType "swiss"]
[EventRounds "9"]
[EventCountry "SRB"]
[SourceTitle "CB07_2024"]
[SourceDate "2024.02.14"]
[SourceVersion "1"]
[SourceVersionDate "2024.02.14"]
[SourceQuality "1"]

1. e4 e5 2. Nf3 Nc6 3. Bc4 Nf6 4. Ng5 d5 5. exd5 b5 6. Bf1 Nxd5 7. Bxb5 Bb7 8. Qf3 Qd7 9. Nc3 Ndb4 10. Ba4 h6 11. Nge4 0-0-0 12. a3 Nxc2+ 13. Bxc2 Nd4 14. Qd1 f5 15. d3 fxe4 16. dxe4 Ba6 17. Bd3 Qe6 18. Nd5 Bxd3 19. Qxd3 c6 20. Qa6+ Kb8 21. Ne3 Nb3 22. Rb1 Nc5 23. Qc4 Nd3+ 24. Kf1 Qf6 25. Ng4 Qg6 26. f3 Bc5 27. Be3 Bxe3 28. Nxe3 Qg5 29. Ke2 Nf4+ 30. Kf1 Rd3 31. Qxc6 Rc8 32. Qb5+ Ka8 33. Qa6 Rc7 34. h4 Qg3 35. Qb5 Rc8 36. Qa6 Rc2 0-1

[Event "Skopje op"]
[Site "Skopje"]
[Date "2023.12.06"]
[Round "1"]
[White "Kesidis, Odyseas"]
[Black "Ivanisevic, Ivan"]
[Result "0-1"]
[WhiteElo "2282"]
[BlackElo "2529"]
[PlyCount "96"]
[EventDate "2023.12.06"]
[EventType "swiss"]
[EventRounds "9"]
[EventCountry "MKD"]
[SourceTitle "CB50_2023"]
[SourceDate "2023.12.13"]
[SourceVersion "1"]
[SourceVersionDate "2023.12.13"]
[SourceQuality "1"]

1. e4 c5 2. Nf3 a6 3. c3 d5 4. exd5 Qxd5 5. d4 e6 6. Be2 cxd4 7. Qxd4 Qxd4 8. Nxd4 Bd6 9. Nd2 Ne7 10. Nc4 Bc7 11. Bf3 0-0 12. Be3 Nd5 13. Bd2 Nc6 14. Nxc6 bxc6 15. 0-0-0 a5 16. Rhe1 f6 17. Be3 Ba6 18. Be2 Rfd8 19. g3 a4 20. Bc5 e5 21. Kc2 Bc8 22. Ne3 Be6 23. c4 Nxe3+ 24. Bxe3 Bf5+ 25. Kc1 Rdb8 26. Bc5 Ba5 27. Rg1 Rb7 28. g4 Bg6 29. Bd3 Bb4 30. Bxg6 Bxc5 31. Be4 Rab8 32. Rd2 Bd4 33. Bxc6 Rxb2 34. Rxb2 Rxb2 35. Bxa4 Rxf2 36. Bb3 Kf8 37. h4 Ke7 38. h5 Kd6 39. Rg3 e4 40. Kd1 Ke5 41. g5 Kf4 42. g6 Kxg3 43. gxh7 e3 44. h8Q e2+ 45. Kd2 Bc3+ 46. Kd3 e1Q 47. Qxg7+ Kh2 48. c5 Rf4 0-1

[Event "AUT-chT 2324"]
[Site "Austria"]
[Date "2023.11.25"]
[Round "5.3"]
[White "Ivanisevic, Ivan"]
[Black "Horvath, Dominik"]
[Result "0-1"]
[WhiteElo "2543"]
[BlackElo "2549"]
[PlyCount "106"]
[EventDate "2023.11.22"]
[EventType "team-tourn"]
[EventRounds "11"]
[EventCountry "AUT"]
[SourceTitle "CB48_2023"]
[SourceDate "2023.11.29"]
[SourceVersion "1"]
[SourceVersionDate "2023.11.29"]
[SourceQuality "1"]
[WhiteTeam "Pinggau Friedberg"]
[BlackTeam "Fuerstenfeld/Hartberg"]
[WhiteTeamCountry "AUT"]
[BlackTeamCountry "AUT"]

1. c4 Nf6 2. d4 g6 3. Bg5 Bg7 4. Nc3 d5 5. Bxf6 Bxf6 6. cxd5 c5 7. Nf3 cxd4 8. Nxd4 Qb6 9. Nb3 a5 10. e3 a4 11. Bb5+ Bd7 12. Nd4 0-0 13. 0-0 Bxd4 14. Qxd4 Qxd4 15. exd4 Bxb5 16. Nxb5 Ra5 17. Nc3 Rc8 18. Rfe1 Kf8 19. Re3 Na6 20. a3 Nc7 21. Rae1 Re8 22. d6 exd6 23. Rxe8+ Nxe8 24. Kf1 Nc7 25. Ke2 Nb5 26. Kd3 Nxc3 27. Kxc3 Rb5 28. Re2 d5 29. Kc2 Rb6 30. Re5 Rd6 31. Re3 Rc6+ 32. Rc3 Rf6 33. f3 Re6 34. Kd2 Rb6 35. Kc1 Re6 36. b3 Re2 37. Rc2 Re3 38. Rb2 Rd3 39. bxa4 Rxa3 40. Rb4 Ra2 41. Kb1 Rxg2 42. Rxb7 Rd2 43. Rb2 Rxb2+ 44. Kxb2 Ke7 45. Kc3 Kd6 46. Kb4 Kc6 47. f4 h6 48. a5 g5 49. f5 g4 50. Kc3 Kb5 51. Kd2 Kxa5 52. Ke3 Kb4 53. Kf4 Kc4 0-1

[Event "AUT-chT 2324"]
[Site "Austria"]
[Date "2023.11.24"]
[Round "4.2"]
[White "Ivanisevic, Ivan"]
[Black "Livaic, Leon"]
[Result "1/2-1/2"]
[WhiteElo "2543"]
[BlackElo "2553"]
[PlyCount "87"]
[EventDate "2023.11.22"]
[EventType "team-tourn"]
[EventRounds "11"]
[EventCountry "AUT"]
[SourceTitle "CB48_2023"]
[SourceDate "2023.11.29"]
[SourceVersion "1"]
[SourceVersionDate "2023.11.29"]
[SourceQuality "1"]
[WhiteTeam "Pinggau Friedberg"]
[BlackTeam "St Veit"]
[WhiteTeamCountry "AUT"]
[BlackTeamCountry "AUT"]

1. c4 Nf6 2. Nc3 g6 3. e4 d6 4. d4 Bg7 5. h3 0-0 6. Bg5 Nbd7 7. Nf3 e5 8. d5 a5 9. Bd3 Nc5 10. Bc2 Qe8 11. 0-0 Nh5 12. Re1 Bd7 13. Be3 b6 14. g4 Nf4 15. Bxf4 exf4 16. Qd2 Be5 17. Kg2 Qe7 18. Rab1 Rfb8 19. b3 b5 20. cxb5 Bxb5 21. a3 Qf6 22. Ne2 Bxe2 23. Qxe2 Nd7 24. Bd3 Nc5 25. Bc4 Ra7 26. Qc2 Qe7 27. b4 axb4 28. axb4 Nd7 29. Rec1 Bg7 30. Rb3 Ne5 31. Be2 Nxf3 32. Bxf3 Bd4 33. Qd2 Qe5 34. Rc4 Bb6 35. Qb2 Qg5 36. Ra3 Rxa3 37. Qxa3 h5 38. Qa1 hxg4 39. hxg4 Re8 40. Rc1 Qe5 41. Qxe5 Rxe5 42. Ra1 Re8 43. b5 Kg7 44. Ra4 1/2-1/2

[Event "Hvar op"]
[Site "Hvar"]
[Date "2023.10.19"]
[Round "7"]
[White "Cvitan, Ena"]
[Black "Ivanisevic, Ivan"]
[Result "0-1"]
[WhiteElo "2281"]
[BlackElo "2549"]
[PlyCount "60"]
[EventDate "2023.10.15"]
[EventType "swiss"]
[EventRounds "9"]
[EventCountry "CRO"]
[SourceTitle "Mega2024 Update 01"]
[Source "Chessbase"]
[SourceDate "2023.11.12"]
[SourceVersion "1"]
[SourceVersionDate "2023.11.12"]
[SourceQuality "1"]

1. d4 Nf6 2. c4 d6 3. Nc3 e5 4. d5 Nbd7 5. e4 h5 6. f3 g6 7. h4 Bh6 8. Bxh6 Rxh6 9. Qd2 Rh8 10. g3 Kf8 11. Bh3 Kg7 12. 0-0-0 a6 13. Bxd7 Bxd7 14. Qe3 Qe7 15. Nh3 b5 16. Nf2 bxc4 17. Qe2 Rab8 18. Qxc4 Rhc8 19. f4 Bb5 20. Nxb5 Rxb5 21. Kb1 Rcb8 22. b3 Rb4 23. Qxa6 exf4 24. gxf4 Nxe4 25. Rhe1 Nc3+ 26. Kc2 Qf6 27. Rd2 Rxf4 28. Nd3 Nxd5 29. Qc6 Rd4 30. a3 Qf5 0-1

[Event "Hvar Arsenal blitz op 2nd"]
[Site "Hvar"]
[Date "2023.10.19"]
[Round "1"]
[White "Ivanisevic, Ivan"]
[Black "Daksh, Jain1"]
[Result "1-0"]
[WhiteElo "2538"]
[BlackElo "1836"]
[PlyCount "49"]
[EventDate "2023.10.19"]
[EventType "swiss (blitz)"]
[EventRounds "11"]
[EventCountry "CRO"]
[SourceTitle "Mega2024 Update 01"]
[Source "Chessbase"]
[SourceDate "2023.11.12"]
[SourceVersion "1"]
[SourceVersionDate "2023.11.12"]
[SourceQuality "1"]

1. d4 Nf6 2. c4 c5 3. d5 b5 4. e4 d6 5. Nd2 g6 6. b3 Bg7 7. Bb2 0-0 8. Ngf3 Bd7 9. Bd3 a6 10. 0-0 b4 11. e5 Ne8 12. Re1 e6 13. Qc2 dxe5 14. Nxe5 Nd6 15. Rad1 Qg5 16. Ndf3 Qd8 17. Bf1 Qc7 18. Ng5 h6 19. dxe6 Bxe6 20. Nxe6 fxe6 21. Nxg6 Rf5 22. Rxe6 Rg5 23. Rexd6 Qf7 24. Rd8+ Kh7 25. Ne7+ 1-0

[Event "Hvar Arsenal blitz op 2nd"]
[Site "Hvar"]
[Date "2023.10.19"]
[Round "5"]
[White "Ivanisevic, Ivan"]
[Black "Dizdarevic, Emir"]
[Result "1-0"]
[WhiteElo "2538"]
[BlackElo "2430"]
[PlyCount "43"]
[EventDate "2023.10.19"]
[EventType "swiss (blitz)"]
[EventRounds "11"]
[EventCountry "CRO"]
[SourceTitle "Mega2024 Update 01"]
[Source "Chessbase"]
[SourceDate "2023.11.12"]
[SourceVersion "1"]
[SourceVersionDate "2023.11.12"]
[SourceQuality "1"]

1. d4 e6 2. e4 d5 3. Nc3 Nf6 4. e5 Nfd7 5. Qh5 g6 6. Qh3 c5 7. Nf3 a6 8. Bh6 Nc6 9. 0-0-0 Bxh6+ 10. Qxh6 Qe7 11. h4 cxd4 12. Nxd4 Ncxe5 13. Be2 f6 14. Qe3 Kf7 15. f4 Nc6 16. h5 Rg8 17. hxg6+ hxg6 18. Rh7+ Rg7 19. Rxg7+ Kxg7 20. Nxe6+ Kf7 21. f5 Nde5 22. Nxd5 1-0

[Event "SRB-chT Premier"]
[Site "Bajina Basta"]
[Date "2023.09.25"]
[Round "8.2"]
[White "Spasic, Petar"]
[Black "Ivanisevic, Ivan"]
[Result "1/2-1/2"]
[WhiteElo "2326"]
[BlackElo "2541"]
[PlyCount "141"]
[EventDate "2023.09.18"]
[EventType "team-tourn"]
[EventRounds "11"]
[EventCountry "SRB"]
[SourceTitle "EXT 2024"]
[Source "ChessBase"]
[SourceDate "2023.10.10"]
[SourceVersion "1"]
[SourceVersionDate "2023.10.10"]
[SourceQuality "1"]
[WhiteTeam "Kostolac Rudar"]
[BlackTeam "Ruma Sloven"]
[WhiteTeamCountry "SRB"]
[BlackTeamCountry "SRB"]

1. c4 e5 2. Nc3 Nc6 3. Nf3 f5 4. g3 Nf6 5. Nd5 Be7 6. d4 e4 7. Nh4 Nxd5 8. cxd5 Bb4+ 9. Bd2 Bxd2+ 10. Qxd2 Ne7 11. e3 d6 12. Bc4 0-0 13. Ng2 Kh8 14. h4 Ng8 15. Nf4 Nf6 16. Rc1 Bd7 17. Qc3 Qe7 18. Qb3 Rfb8 19. Be2 Be8 20. Qc3 Rc8 21. Qb4 Rab8 22. Bc4 Bf7 23. Bb3 a6 24. Qa5 Kg8 25. Rc2 Ra8 26. 0-0 b6 27. Qd2 a5 28. Rfc1 a4 29. Bc4 h6 30. Qb4 g5 31. hxg5 hxg5 32. Ne6 b5 33. Qxb5 c6 34. dxc6 Bxe6 35. Qxf5 Kf7 36. Qxg5 Rg8 37. Qf4 Rg4 38. Qh6 Rg6 39. Qf4 Kg7 40. c7 Rg4 41. Bxe6 Qxe6 42. Qxg4+ Qxg4 43. c8Q Rxc8 44. Rxc8 Kf7 45. R1c7+ Ke6 46. Rf8 Qd1+ 47. Kg2 Qd2 48. Rb7 Ng4 49. Kg1 Kd5 50. Rf4 Qd1+ 51. Kg2 Qe2 52. Kg1 Kc4 53. b3+ axb3 54. axb3+ Kd3 55. Rg7 Nxe3 56. fxe3 Qxe3+ 57. Kg2 d5 58. Rg5 Qxd4 59. Rf1 Qb2+ 60. Kg1 d4 61. Rg4 Qxb3 62. Rff4 Qd1+ 63. Kg2 Qc2+ 64. Kg1 Ke3 65. Rxe4+ Qxe4 66. Rxe4+ Kxe4 67. Kf2 Kd3 68. g4 Kc2 69. g5 d3 70. g6 d2 71. g7 1/2-1/2

[Event "SRB-chT Premier"]
[Site "Bajina Basta"]
[Date "2023.09.20"]
[Round "3.5"]
[White "Popovic, Dusan"]
[Black "Ivanisevic, Ivan"]
[Result "0-1"]
[WhiteElo "2500"]
[BlackElo "2541"]
[PlyCount "86"]
[EventDate "2023.09.18"]
[EventType "team-tourn"]
[EventRounds "11"]
[EventCountry "SRB"]
[SourceTitle "EXT 2024"]
[Source "ChessBase"]
[SourceDate "2023.10.10"]
[SourceVersion "1"]
[SourceVersionDate "2023.10.10"]
[SourceQuality "1"]
[WhiteTeam "Subotica Spartak"]
[BlackTeam "Ruma Sloven"]
[WhiteTeamCountry "SRB"]
[BlackTeamCountry "SRB"]

1. e4 c5 2. Nf3 Nc6 3. Bb5 Nf6 4. Bxc6 dxc6 5. d3 Nd7 6. Bf4 g6 7. 0-0 Bg7 8. e5 Nf8 9. Nbd2 h6 10. Be3 b6 11. a4 g5 12. a5 Rb8 13. axb6 axb6 14. h4 g4 15. Nh2 h5 16. f4 Bh6 17. Qe1 Ne6 18. Ra7 Ng7 19. Ne4 Nf5 20. Ng3 Nxg3 21. Qxg3 Bf5 22. Rfa1 e6 23. Nf1 Bf8 24. Bf2 Be7 25. Ne3 0-0 26. Nxf5 exf5 27. Qe3 Re8 28. e6 Qd6 29. exf7+ Kxf7 30. d4 cxd4 31. Qb3+ Qe6 32. Qd3 Qe4 33. Qc4+ Qe6 34. Qxd4 Kg6 35. Qa4 Bf6 36. Re1 Qd5 37. Rxe8 Rxe8 38. Qa6 Bd4 39. Qb7 Bxf2+ 40. Kh2 Qg8 41. Qxc6+ Re6 42. Qd7 g3+ 43. Kh3 Kh6 0-1

[Event "Trieste op 25th"]
[Site "Trieste"]
[Date "2023.09.05"]
[Round "6"]
[White "Aghayev, Miragha"]
[Black "Ivanisevic, Ivan"]
[Result "1/2-1/2"]
[WhiteElo "2420"]
[BlackElo "2541"]
[PlyCount "104"]
[EventDate "2023.09.02"]
[EventType "swiss"]
[EventRounds "9"]
[EventCountry "ITA"]
[SourceTitle "EXT 2024"]
[Source "ChessBase"]
[SourceDate "2023.10.10"]
[SourceVersion "1"]
[SourceVersionDate "2023.10.10"]
[SourceQuality "1"]

1. e4 c5 2. Nf3 Nc6 3. d4 cxd4 4. Nxd4 Nf6 5. Nc3 h5 6. Be2 g6 7. h3 Bg7 8. Be3 0-0 9. 0-0 d5 10. exd5 Nb4 11. d6 Qxd6 12. Ncb5 Qb8 13. c4 Nc6 14. Qb3 Bd7 15. Qa3 Nxd4 16. Nxd4 Re8 17. Rfd1 a6 18. Nb3 Qc8 19. Rac1 a5 20. Nc5 Bc6 21. Na4 Qf5 22. Bd3 Qe5 23. Re1 Nd7 24. Bh6 Qf6 25. Bxg7 Kxg7 26. Be4 Bxa4 27. Qxa4 Nc5 28. Qb5 Rec8 29. Rcd1 Rab8 30. Bf3 b6 31. b3 Rd8 32. Qc6 Qxc6 33. Bxc6 e6 34. Bf3 Kf6 35. Kf1 Nd3 36. Re2 Ne5 37. Rxd8 Rxd8 38. Be4 Rd1+ 39. Re1 Rd4 40. Bc2 Nc6 41. Ke2 Ke5 42. Ke3 f5 43. g3 g5 44. a3 a4 45. b4 Rxc4 46. Kd3+ Kd5 47. Bxa4 Nd4 48. f4 gxf4 49. gxf4 Nf3 50. Rd1 Nd4 51. Re1 Nf3 52. Rd1 Nd4 1/2-1/2

[Event "BIH-chT1 30th"]
[Site "Gorazde"]
[Date "2023.08.27"]
[Round "3.1"]
[White "Milanovic, Slavisa"]
[Black "Ivanisevic, Ivan"]
[Result "0-1"]
[WhiteElo "2316"]
[BlackElo "2530"]
[PlyCount "84"]
[EventDate "2023.08.26"]
[EventType "team-tourn"]
[EventRounds "9"]
[EventCountry "BIH"]
[SourceTitle "EXT 2024"]
[Source "ChessBase"]
[SourceDate "2023.10.10"]
[SourceVersion "1"]
[SourceVersionDate "2023.10.10"]
[SourceQuality "1"]

1. c4 e6 2. Nf3 d5 3. g3 d4 4. e3 Nc6 5. exd4 Nxd4 6. Nxd4 Qxd4 7. Nc3 Nh6 8. Qe2 Nf5 9. Bg2 Be7 10. b3 0-0 11. Bb2 Qd8 12. 0-0 Bf6 13. d3 Rb8 14. Ne4 Bxb2 15. Qxb2 b6 16. Rad1 c5 17. b4 cxb4 18. Qxb4 Bb7 19. Rfe1 Nd4 20. Qd6 Bxe4 21. Qxd8 Rfxd8 22. Bxe4 Rbc8 23. Rb1 g5 24. Rb2 Rc5 25. a4 Kg7 26. Ra1 f5 27. Bg2 Kf6 28. Kf1 h5 29. Ra3 h4 30. Ke1 Rh8 31. Kd2 hxg3 32. hxg3 Rh2 33. Kc3 e5 34. f4 Ne6 35. fxg5+ Kxg5 36. Bf3 Rh3 37. Rg2 Nd4 38. Bd1 Rh1 39. Kd2 a5 40. Ra2 Rc6 41. Rb2 Rch6 42. Rb1 Rf1 0-1